| 000 | 00348nam a22001337a 4500 | ||
|---|---|---|---|
| 020 | _qHB. | ||
| 040 | _cFIZZA ISHAQ | ||
| 082 |
_a006.37 _bRIC |
||
| 100 |
_aSZELISKI, RICHARD. _991668 |
||
| 245 |
_aCOMPUTER VISION ALGORITHMS AND APPLICATION / _cRICHARD SZELISKI. |
||
| 260 |
_aLONDON ; _bSPRINGER, _c2011. |
||
| 300 | _a832 P. ; | ||
| 942 |
_2ddc _cBK |
||
| 999 |
_c589815 _d589815 |
||